00714 2200217 4500001002100000005001500021035002000036007000300056008004100059020002200100082001100122084001700133100002300150245006400173250001100237260004900248300003400297650001300331700013600344990001600480INLIS00000000000151520230511081637 a0010-0423000003ta230511 g 0 ind  a978-979-709-939-8 a920.71 a920.71 BES m0 aBestian Nainggolan1 aBiografi Mochtar Riady :bManusia Ide /cBestian Nainggolan aCet. 1 aJakarta :bPT. Kompas Media Nusantara,c2015 al + 204 hlm. ;c15 cm x 23 cm abiografi0 aGianie, Yohan Wahyu Irianto, Indah Surya Wardani, Ayu Pratama Siantoro, Bernadeta Firstiana K.P., Patricius Cahanar, Pieter P. Gero a00000013456